|
|
|
|
| LEADER |
00000nam a2200000 a 4500 |
| 001 |
UCK7367 |
| 003 |
CL-VaPUC |
| 008 |
051118e20010000ag |||||||||||||||||spa|d |
| 020 |
|
|
|a 9507011404
|
| 082 |
0 |
4 |
|a 155
|b STA
|2 21
|
| 100 |
0 |
|
|a Stapich, Elena
|e author
|9 496907
|
| 245 |
1 |
0 |
|a Con ton y con son: la lengua materna en la educación inicial
|
| 250 |
|
|
|a 3a. ed
|
| 300 |
|
|
|a 103 p
|
| 942 |
|
|
|c BK
|
| 945 |
|
|
|d 20051118 00:00:00
|a jtorresc
|
| 260 |
|
|
|a Buenos Aires
|b s.n
|c 2001
|
| 500 |
|
|
|a Aportes a la educación inicial
|
| 650 |
|
0 |
|a Desarrollo del lenguaje
|9 311270
|
| 650 |
|
0 |
|a Desarrollo mental
|9 313003
|
| 650 |
|
0 |
|a Psicología del niño
|9 307305
|
| 650 |
|
7 |
|a LENGUA MATERNA
|2 CL-VaPUC
|9 356351
|
| 650 |
|
7 |
|a ENSEÑANZA DE LA LENGUA MATERNA
|2 CL-VaPUC
|9 334470
|
| 650 |
|
0 |
|a Desarrollo mental
|9 313003
|
| 650 |
|
0 |
|a Psicología del niño
|9 307305
|
| 650 |
|
0 |
|a Desarrollo mental
|9 313003
|
| 650 |
|
0 |
|a Psicología del niño
|9 307305
|
| 583 |
|
|
|a last modification
|c 20180109 02:43:22
|k Rodrigo Vera
|
| 999 |
|
|
|c 315352
|d 315350
|
| 952 |
|
|
|0 0
|1 0
|4 0
|6 155_000000000000000_STA_2001
|7 0
|8 A
|9 388458
|a BIBEDU
|b BIBEDU
|d 2019-11-22
|i 4182774
|o 155 STA 2001
|p 4182774
|r 2019-11-22
|w 2019-11-22
|y BK
|k PAR
|